La maldición del pasillo secreto / (Registro nro. 37402)

Detalles MARC
000 -CABECERA
Longitud fija campo de control 00898nam a2200253 4500
003 - • IDENTIFICADOR DELl NÚMERO DE CONTROL
Identificador del número de control CO-ViMGA
020 ## - • NÚMERO INTERNACIONAL NORMALIZADO PARA LIBROS
Número Internacional Normalizado para Libros (ISBN) 9789583038129
040 ## - FUENTE DE LA CATALOGACIÓN
Centro catalogador de origen CO-ViMGA
Lengua de catalogación spa
Centro transcriptor CO-ViMGA
082 04 - • NÚMERO DE LA CLASIFICACIÓN DECIMAL DEWEY
Número de clasificación (R) 833.914
Número del ítem R734m
100 1# - • PUNTO DE ACCESO PRINCIPAL-NOMBRE DE PERSONA
Nombre de persona Rogler, Ulrike
245 10 - • TITULO PROPIAMENTE DICHO
Título La maldición del pasillo secreto /
Mención de responsabilidad, etc. Ulrike Rogler y Simone Veenstra ; il. Sebastian Meyer ; tr. Karin Ordematt
300 ## - • DESCRIPCIÓN FÍSICA
Extensión 126 p. :
490 ## - • MENCIÓN DE SERIE
Mención de serie El fantasma del castillo
490 ## - • MENCIÓN DE SERIE
Mención de serie Hui-Buh
500 ## - • NOTA GENERAL
Nota general Esta obra está basada en el adiolibro de Dirk Ahner, idea original Eberhard Alexander-Bugh
534 ## - • Nota De Versión Original
-- Titulo original
Título Der verfluchte geheimgang
650 14 - • PUNTO DE ACCESO ADICIONAL DE MATERIA - TÉRMINO DE MATERIA
Término de materia o nombre geográfico como elemento inicial Fantasmas
Subdivisión de forma novela
650 14 - • PUNTO DE ACCESO ADICIONAL DE MATERIA - TÉRMINO DE MATERIA
Término de materia o nombre geográfico como elemento inicial Novela juvenil alemana
Subdivisión de materia general Siglo XX
700 1# - • PUNTO DE ACCESO ADICIONAL - NOMBRE DE PERSONA
Nombre de persona Ordematt, Karin
700 1# - • PUNTO DE ACCESO ADICIONAL - NOMBRE DE PERSONA
Nombre de persona Meyer, Sebastian
700 1# - • PUNTO DE ACCESO ADICIONAL - NOMBRE DE PERSONA
Nombre de persona Veenstra, Simone
942 ## - ENTRADA DE ELEMENTOS AGREGADOS (KOHA)
Fuente de clasificaión o esquema Dewey Decimal Classification
Koha [por defecto] tipo de item LIbro
Existencias
Perdido Fuente de clasificación o esquema Estado Físico No para préstamo Forma de adquisición Localización permanente Localización actual Fecha adquisición Préstamos totales Signatura completa Código de barras Fecha última consulta Fecha del precio de reemplazo Tipo de item de Koha
  Dewey Decimal Classification     Sala General Segundo Piso Biblioteca Pública Germán Arciniegas - Villavicencio Biblioteca Pública Germán Arciniegas - Villavicencio 04/29/2020   833.914 R734m 33490 04/29/2020 04/29/2020 LIbro
  Dewey Decimal Classification     Sala General Segundo Piso Biblioteca Pública Germán Arciniegas - Villavicencio Biblioteca Pública Germán Arciniegas - Villavicencio 04/29/2020   833.914 R734m 33491 04/29/2020 04/29/2020 LIbro









Instituto Departamental de Cultura del Meta - Red Departamental de Bibliotecas Públicas del Meta.